Buenos Aires
Guardado en:
| Formato: | Seriadas |
|---|---|
| Idioma: | Spanish |
| Publicado: |
Buenos Aires :
La Ley,
1997
|
| Etiquetas: |
Agregar Etiqueta
Sin Etiquetas, Sea el primero en etiquetar este registro!
|
| LEADER | 00498nas a22001575a 4500 | ||
|---|---|---|---|
| 001 | DER.der000642 | ||
| 005 | 20170206000000.0 | ||
| 008 | 180615s1997####||||||||||||||||||||spa|| | ||
| 245 | 1 | 0 | |a Buenos Aires |
| 260 | |a Buenos Aires : |b La Ley, |c 1997 | ||
| 859 | |a DERECHO |b BIB. DERECHO |p 001280.7 | ||
| 859 | |a DERECHO |b BIB. DERECHO |p 001280.10 | ||
| 859 | |a DERECHO |b BIB. DERECHO |p 001280.1 | ||
| 859 | |a DERECHO |b BIB. DERECHO |p 001280.2 | ||
| 859 | |a DERECHO |b BIB. DERECHO |p 001280.3 | ||
| 859 | |a DERECHO |b BIB. DERECHO |p 001280.4 | ||
